Предания веков: русская историческая повесть XIX - начала XX столетия: в 2 т.
| מחברים אחרים: | |
|---|---|
| שפה: | רוסית |
| יצא לאור: |
Киев, Днипро, 1990
|
| פורמט: | MixedMaterials ספר |
| KOHA link: | https://koha.lib.tpu.ru/cgi-bin/koha/opac-detail.pl?biblionumber=117069 |
MARC
| LEADER | 00000nam1a2200000 4500 | ||
|---|---|---|---|
| 001 | 117069 | ||
| 005 | 20231031123532.0 | ||
| 035 | |a (RuTPU)RU\TPU\book\126694 | ||
| 090 | |a 117069 | ||
| 100 | |a 20070530d19901991m y0rusy5003 ca | ||
| 101 | 0 | |a rus | |
| 102 | |a RU | ||
| 200 | 1 | |a Предания веков: русская историческая повесть XIX - начала XX столетия |e в 2 т. |f сост. В. Я. Звиняцковский | |
| 210 | |a Киев |c Днипро |d 1990 | ||
| 702 | 1 | |a Звиняцковский |b В. Я. |4 220 | |
| 801 | 0 | |a RU |b RuMRKP |c 19950417 |g psbo | |
| 801 | 1 | |a RU |b 63413507 |c 20070530 |g PSBO | |
| 801 | 2 | |a RU |b 63413507 |c 20150926 |g PSBO | |
| 942 | |c BK | ||